| 000 | 00949nam a22001337a 4500 | ||
|---|---|---|---|
| 999 |
_c533250 _d533250 |
||
| 008 | 260505b ||||| |||| 00| 0 eng d | ||
| 100 |
_aAgrawal, Ritika Bansal, Rohan Kumar, Sunil and Shukla, Avdhesh _960372 |
||
| 245 | _aConsumption inequality and poverty in INDIA | ||
| 260 | _aEconomic & Political Weekly | ||
| 300 | _a61(16), Apr 18, 2026: p.17-20 | ||
| 520 | _aTrends in consumption inequality and poverty in India are examined using data from the Household Consumption Expenditure Surveys for 2011–12, 2022–23, and 2023–24. The analysis reveals a decline in overall consumption inequality across both rural and urban areas, which also coincides with periods of high real GDP growth. However, the decline in inequality is uneven across food and non-food groups. –Reproduced https://www.epw.in/journal/2026/16/commentary/consumption-inequality-and-poverty-india.html | ||
| 773 | _aEconomic & Political Weekly | ||
| 942 | _cAR | ||